000 00368nam a22001577a 4500
005 20251108172314.0
008 250721s1973 xx 000 0 eng d
082 1 4 _aF/NEV
100 1 _aNeville, Malcom
245 1 0 _aMeet the sandman /
264 1 _aLondon :
_bBlachie & son,
_c1973.
300 _a143p.
650 1 7 _aFiction
942 _2ddc
_cBK
999 _c75696
_d75696